| 000 | 00602nam a2200205Ia 4500 | ||
|---|---|---|---|
| 005 | 20230615105536.0 | ||
| 008 | 131103s9999 xx 000 0 und d | ||
| 040 | _aLoreto College | ||
| 041 | _aEnglish | ||
| 082 |
_a940.2 _bSOU |
||
| 100 | _aSouthgate,George W. | ||
| 245 | 2 |
_aA text book of modern European history 1453 - 1661 _cGeorge W.Southgate |
|
| 260 |
_aLondon _bJ.M.Dent and Sons _c1938 (1955 printing) |
||
| 300 |
_axx,300 p. _b ill.,24 maps |
||
| 504 | _aIncludes index | ||
| 650 | _aModern History | ||
| 651 | _aEurope - Modern History,1453 - 1661 | ||
| 850 | _aLCLIB | ||
| 942 | _cBK | ||
| 999 |
_c4004 _d54483 |
||